01291naa a2200265 i 45000010005000000030009000050050017000140080039000310400021000700410013000910800011001040800019001151000120001342450104002542460089003585000021004475200170004686500025006386500015006636500027006787730255007059420013009609990015009739520037009881526KOSZ 00520180426150349.0151009s2009 pl f |000 0 pol cBPKdKOSZ 005/EG apolbeng a338.48 a339.138:332.141 aJORDANEK, Zdzisław.d1996 - .bPolitechnika Koszalińska - Instytut Ekonomii i Zarządzania,cZakład Marketingu10aPieniądz lokalny jako forma promocji turystycznej gmin, miast i regionów /cZdzisław Jordanek.31aSubstitutional money as to promotion elements tourism local authorities and region's aDane z autopsji. aArtykuł ukazuje pozytywne konsekwencje wykorzystania instrumentów marketingowych, głównie promocyjnych w działalności wybranych samorządów i regionów. 0aRozwój regionalny. 0aTurystyka. 0aMarketing regionalny. 0 iW :tMarketing w rozwoju turystyki : praca zbiorowa / pod red. Jacka Chotkowskiego. -dKoszalin : Wydaw. Uczelniane Politechniki Koszalińskiej, 2009. -gs. 179-185kMonografia Instytutu Ekonomii i Zarządzania / Politechnika Koszalińska ; nr 161 cROZ2UKD c1526d1526 00104070aBPKbBPKo91530yROZ